000 00675nam a22001937a 4500
005 20240813105304.0
010 _aENG-128995 ENG-141319
020 _c950.00
_a978-81-940517-4-9
035 _aEN-112527
035 _aEN-124851
037 _bDBAD
082 _a358.4
100 _aBajpai, Arpit
_969889
245 _aMajor Operations of Air Force/
_cBy Arpit Bajpai
260 _aUttar Pradesh
_bFalguni Publishers and Distributors
_c2021
270 _bUttar Pradesh
_aRTB-160, Royal Tower, Shipra Sun City, Indirapuram, Ghaziabad
_e201014
300 _a312p.
_c23cm(hbk)
_bIncluding Bibliographical references and index.
942 _2ddc
_cEN
_h358.4
_mBAJ
999 _c177269
_d177269